Writing your own scripts and speeches for corporate television, audio visual and live presentations

Bibliographic Details
Main Author: St Maur, Suzan (Author)
Format: Book
Published: London : McGraw-Hill , 1991
Subjects:

MARC

LEADER 00000cam a2200000 7i4500
001 0000008532
005 20021119093000.0
008 021119n
020 |a 0077073495 
090 0 0 |a PN4142   |b .S67 1991 
100 0 |a St Maur, Suzan ,   |e author 
245 0 0 |a Writing your own scripts and speeches for corporate television, audio visual and live presentations   |c Suzan St Maur 
260 2 |a London :   |b McGraw-Hill ,   |c 1991 
300 |a 256 p. ; ;   |c 23 cm. 
504 |a Includes index 
650 0 |a Business communication   |x Audio-visual aids 
650 0 |a Business presentations 
650 0 |a Motion picture authorship 
650 0 |a Speechwriting 
650 0 |a Video recordings   |x Production and direction 
999 |a 1000048290   |b Book   |c OPEN SHELF (30 DAYS)   |e Gong Badak Campus